|
|
|
|
| LEADER |
00873nam#a2200289#a#4500 |
| 001 |
004815 |
| 005 |
20160721143336.0 |
| 008 |
981020s1997####xxk#################eng#d |
| 020 |
|
|
|a 0412798905
|
| 040 |
|
|
|a AR-beUNQ
|
| 099 |
|
|
|a 24-A12
|
| 100 |
1 |
|
|a Aon, Miguel Antonio
|
| 245 |
0 |
2 |
|a Dynamic Biological Organization
|c Miguel Antonio Aon, S. Cortassa.
|
| 260 |
|
|
|a London :
|b Chapman and Hall,
|c 1997
|
| 300 |
|
|
|a xx, 559 p. :
|b il., gráficos
|
| 650 |
|
7 |
|a BIOLOGIA
|2 Spines
|
| 650 |
|
7 |
|a CITOLOGIA
|2 Spines
|
| 650 |
|
7 |
|a CITOGENETICA
|2 Spines
|
| 650 |
|
7 |
|a CITOQUIMICA
|2 Spines
|
| 650 |
|
7 |
|a CELULAS (BIOLOGIA)
|2 Spines
|
| 650 |
|
7 |
|a FISIOLOGIA CELULAR
|2 Spines
|
| 650 |
|
7 |
|a DIVISION CELULAR
|2 Spines
|
| 650 |
|
7 |
|a TERMODINAMICA
|2 Spines
|
| 700 |
1 |
|
|a Cortassa, S
|
| 929 |
|
|
|a COMPRA
|b Miguel Aon
|d 4,00E
|e 19981020
|g Exp. 0387/98
|j 22801
|
| 942 |
|
|
|c LIB
|n 0
|
| 999 |
|
|
|c 7583
|d 82970
|